000 00300nam a22001337a 4500
008 171102b xxu||||| |||| 00| 0 eng d
020 _a9780132744034
041 _aeng
080 _a339.138
100 _a60
101 _aMAR
245 _aMARKETING AN INTRODUCTION
_cARMSTRONG,G
942 _2udc
_cBK
999 _c37383
_d37383